Alle Länder des Alexanderreichs - Statistiken

Allgemein
  • Dieses Quiz wurde 19 mal gespielt
  • Das Durchschnittsergebnis liegt bei 20 aus 26
Antwortstatistiken
Antwort % Korrekt
Ägypten
100%
Griechenland
100%
Indien
100%
Afghanistan
94%
Irak
94%
Iran
94%
Nordmazedonien
94%
Israel
88%
Türkei
88%
Albanien
81%
Jordanien
81%
Syrien
81%
Zypern
81%
Armenien
75%
Pakistan
75%
Bulgarien
69%
Saudi-Arabien
69%
Aserbaidschan
63%
Kuwait
63%
Libanon
63%
Libyen
63%
Tadschikistan
56%
Rumänien
50%
Turkmenistan
50%
Usbekistan
50%
Ukraine
38%
Keine übereinstimmenden Quizze gefunden
Verteilung der Resultate
Anzahl Personen mit jedem Resultat
Perzentil nach korrekt beantworteten Fragen
Ihre Resultats-Entwicklung
Sie haben dieses Quiz noch nicht gespielt